Science Quiz

Random Science or Math Quiz

Clickable Java Definitions Quiz Stats

 Plays Quiz not verified by Sporcle

Also try: Science Mugs
Challenge
Share
Tweet
Embed
Score 0/40 Timer 15:00
0 Plays Today
% Correct
Boolean Type
83.4%
Double
83.4%
Integer
82.5%
Computer Science
82.2%
Public
80.9%
GPU (Graphics Processing Unit)
80.1%
Void
78.8%
Runtime Error
78.1%
While Loop
78%
CPU (Central Processing Unit)
77.5%
Compile-time Error
77.2%
Concatenation
76.6%
Byte
76.4%
ArrayList
76.1%
Casting
75.9%
Bounds Error
75.8%
Recursion
75.5%
Constant
75.3%
Array
74.9%
Break Statement
74.7%
% Correct
Private
74.7%
Debugger
74.2%
Binary Search
73.4%
Accessor (Get) Method
72.7%
Variable
72.7%
Constructor
72.4%
API (Application Programming Interface)
72%
Bit
72%
Breakpoint
71.7%
Overriding
70.2%
Abstract Method
70.1%
Compiler
67.7%
Algorithm
66.4%
Argument
66.4%
Overloading
66.1%
Encapsulation
64.7%
Bytecode
60.4%
Class
54%
Interface
52.4%
Abstract Data Type
51.5%

You're not logged in!

Compare scores with friends on all Sporcle quizzes.
Join for Free
OR
Log In

You Might Also Like...

Show Comments

Extras

Top Quizzes Today


Score Distribution

Your Account Isn't Verified!

In order to create a playlist on Sporcle, you need to verify the email address you used during registration. Go to your Sporcle Settings to finish the process.

Report this User

Report this user for behavior that violates our Community Guidelines.

Details: